Quizzes
Events
Quiz Creation
Community
Videos
Private Events
Remove Ads
Sign In
Join for FREE
Feedback
Dark Mode
Quiz Categories
Sports
Geography
Music
Movies
Television
Just For Fun
Miscellaneous
History
Literature
Language
Science
Gaming
Entertainment
Religion
Holiday
For Kids
Quiz Lab
Recent
Popular Today
Quiz Kudos Today
Editor Picks
Curator Picks
Quizzes by...
Day
Popularity
Type
Ratings
Length
Year
Community
Subscriptions
Recent Discussions
Orange Saloon
Badges
Playlists
Quests
Create
Leaderboards
Showdown
Live 5
Trivia Bingo
Activity
Puzzle Library
Sporcle Events
Private Events
Virtual Trivia
Globe League
Become a Host
Pub Owners
SporcleCon
Opinionation
Our Games
Videos
Blog
Mobile Apps
Partnerships
Remove Ads and Go Orange
Feedback
Gaming
Video Games
Board Games
Card Games
Pokémon
Mario
Nintendo
Minecraft
Console
Toys
Legend of Zelda
Gaming
Video Games
Board Games
Card Games
Pokémon
Mario
Nintendo
Minecraft
Console
Toys
Legend of Zelda
Random Quiz
Search Sporcle
×
Quiz Lab
Quiz Lab
Gaming
Minecraft
Type in answers that appear in a list
Type in answers that appear in a list
Classic
Best Score? Go Orange.
Misc Minecraft Quiz Stats
Can you name the minecraft items, mobs, dimensions, blocks, and so forth?
By
Sonicninja
10m
70 Questions
141 Plays
141 Plays
141 Plays
Comments
Comments
Give Quiz Kudos
Give Quiz Kudos
-
- Ratings
hide this ad
Replay
Link that replays current quiz
Next Quiz
Link to next quiz in quiz playlist
You Got
0%
They Got
Avg Score
23%
Avg Friend Score
Upgrade to see
Score Distribution
Jump to the score distribution portion of the page
Score
0/70
Timer
10:00
0
Plays Today
Item
% Correct
The End
61.7%
Stone
56%
Nether
56%
The Nether
55.3%
Zombie
54.6%
Dirt
54.6%
Creeper
53.9%
Iron ore
53.2%
Cow
52.5%
Wood
51.8%
Pig
50.4%
Diamond ore
49.6%
Chicken
46.8%
Sheep
46.1%
Skeleton
45.4%
Cobblestone
45.4%
Gold ore
44.7%
Grass
44%
Enderman
42.6%
Spider
41.1%
Redstone ore
36.9%
Ender Dragon
36.2%
Zombie Pigman
31.9%
Wither
31.2%
Sword
29.8%
Sand
29.1%
Emerald ore
27%
Blaze
26.2%
Slime
24.1%
Villager
22%
Netherrack
22%
Magma cube
21.3%
Wither skeleton
19.1%
Bow
18.4%
Crafting table
17.7%
Item
% Correct
Furnace
17%
Arrow
15.6%
Sandstone
14.9%
Silverfish
14.2%
Torch
12.8%
Leaves
12.8%
Iron Golem
12.1%
Snow Golem
12.1%
Air
11.3%
Stairs
10.6%
Endstone
9.9%
Netherbrick
9.9%
Boots
9.2%
Leggings
8.5%
Mossy cobblestone
7.1%
Chestplate
6.4%
Jungle
6.4%
Taiga
6.4%
Enchanting table
5.7%
Plains
5.7%
Forest
5.7%
Extreme Hills
5.7%
Redstone torch
5%
Gahst
4.3%
Giant
4.3%
Herobrine
4.3%
Desert
4.3%
Hills
4.3%
Hat
3.5%
Dispenser
2.8%
End Crystal
2.8%
Tunic
2.1%
Shoes
2.1%
Half slabs
2.1%
Decorative sandstone
1.4%
Quiz Playlist
Details
Report
Send in Message
Add To Playlist
Classic:
Type in answers that appear in a list
Last Updated: Feb 16, 2017
Quiz Scoreboard
CHALLENGE
Sign Up to Join the Scoreboard
Show All
Scores
Hide
Comments
May contain spoilers
Recently Published
Billboard Blitz: Fleetwood Mac
by CooCooCachoo
Music
15s
Presidents Visiting Landmarks
by Hejman
History
7m
An Introduction to Baseball
by treessimontrees
Sports
5m
More to Explore
Quiz From the Vault
Featured Blog Post
Where Did the Easter Bunny Come From?
hide this ad
You Might Also Like...
Tags
Minecraft Quiz
block
dimension
item
mob
Today's Top Quizzes in Gaming
Browse Gaming
hide this ad
Today's Top Quizzes in Minecraft
Browse Minecraft
Top Contributed Quizzes in Gaming
1
5-to-1: Consoles
2
5-to-1: Legend of Zelda
3
7-to-1: Board Game Piece Blitz
4
Destiny 2 exotic weapons by perk icons
5
Ultimate Genshin Impact Logic Puzzle (up to 4.3)
6
Franchise by Action Figure
7
Genshin Impact Logic Puzzle Quiz
8
Who's on the WWE 2K24 Cover?
9
Overwatch Logic Puzzle
10
League of Legends Pro Players by Career/Team History
Explore More
Trending Topics
Harry Potter
Kpop
Marvel
Crossword
NBA
Disney
Anime
Puzzle
The Office
NFL
WWE
Song
Soccer
Pokémon
Country
hide this ad
More By:
Sonicninja
Quiz
Plays
Rating
Category
Featured
Created
Hunger games trivia
286
5.00
Literature
Mar 14, 2012
Misc Minecraft Quiz
141
2.25
Gaming
Feb 14, 2013
Fill in the blank for famous sayings
92
1.75
Miscellaneous
Feb 13, 2013
First Declension Latin Noun Endings
47
Language
Apr 30, 2013
Word Within the word lessons 1 and 2
5
Literature
Feb 13, 2013
Go to Creator's Profile
Score Distribution
Quiz Creator Spotlight
Sonicninja
Follow
Send a Message
Quizzes Created
-
Created Quiz Play Count
-
More By This Creator
Popular Quizzes Today
1
Find the US States - No Outlines Minefield
2
Find the Countries of Europe - No Outlines Minefield
3
The Countries of the World
4
Find the US States
5
Popular People in 1961
6
US States
7
Risky Map Clicking: Biggest States A-Z
8
Movies - When Are They Set?
More Gaming Quizzes
10 to 1 - Video Game Genres
Quiz Lab
Trending Quizzes
Risky Map Clicking: Least Populous States A-Z
1-10 Letter G Words
1-10 Letter F Words
Risky Map Clicking: Next State Alphabetically
Risky Map Clicking: Biggest States A-Z
Recently Updated
Leaping Animals
pecheneg
Reality TV Shows (A-Z)
bhenderson79
Rickey Henderson's Hall of Fame Teammates
pecheneg
Champions League XIs: Arsenal
pecheneg
Quick Pick: Celebrities in WWE's Hall of Fame
aduchscher
A-Z Keypad Blitz II
pecheneg
Multiple Oscar Actors
pecheneg
Mystery Phrase Blitz: Oscar 'Best Actors'
pecheneg
F. Scott Fitzgerald Novels
LTH
Pick 3 Villains
ddd62291
Trending Topics
Disney
Kpop
NBA
Crossword
Marvel
Anime
Harry Potter
Country
WWE
Soccer
Song
The Office
Puzzle
Pokémon
NFL
Your Account Isn't Verified!
In order to create a playlist on Sporcle, you need to verify the email address you used during registration. Go to your
Sporcle Settings
to finish the process.
Report this User
Report this user for behavior that violates our
Community Guidelines
.
Details:
Send Report
Go to the Sporcle.com Mobile Site →
Comments